000 00770nam a2200133Ia 4500
008 171212s9999 xx 000 0 und d
020 _a9780833052629
100 _aMoroney, Jennifer D. P.;Gventer, Celeste Ward;Pezard, Stephanie;Smallman, Laurence
245 _cMoroney, Jennifer D. P.;Gventer, Celeste Ward;Pezard, Stephanie;Smallman, Laurence
_aLessons from U.S. Allies in Security Cooperation with Third Countries
_bThe Cases of Australia, France, and the United Kingdom
260 _bRAND Corporation
_c2011
650 _aAustralia -- Military relations; France -- Military relations; United Kingdon -- Military relations; United States -- Military relations; Military relations -- Case studies
650 _aHistory
856 _uwww.jstor.org/stable/10.7249/tr972af
999 _c352268
_d352268